LEADER 00936nam a2200217 i 4500 001 000000078942 003 CaOOAMICUS 005 20170209000000.0 008 170209s1888 it u000 u ita u 013 $a51179 040 $aSeMil$bita 100 1 $aBarbiano di Belgiojoso, Emilio.$0(OLS)http://semarc/name/70287 245 10$aGuida del famedio nel cimitero monumentale di Milano /$c[Emilio Barbaiano di Belgioioso]. 250 $aEd. riveduta. 260 $aMilano :$bGiuseppe Galli,$c1888. 300 $a261, XV p., [2] c. di tav. di cui 1 ripieg. :$bill. ;$c27 cm. 650 4$aMilano - Cimitero Monumentale.$0(OLS)http://semarc/subject/9024 850 $aSeMil 852 $aSeMil$W1$xVenegono$y1$m3O IV 50 FA$j44733$B44733$CSeMilBibl$Z2$F46538 $8I 996 $6245$aGuida del famedio nel cimitero monumentale di Milano$9(OLS)http://semarc/title/403048 996 $6260$aMilano :$bGiuseppe Galli$9(OLS)http://semarc/publisher/56397 LEADER 01404nam a2200253 i 4500 001 000000105721 003 CaOOAMICUS 005 20020313000000.0 008 020313s2001 it u000 u ita u 013 $a77915 040 $aSeMil$bita 100 1 $aBiagioni, Chiara.$0(OLS)http://semarc/name/44522 245 12$aL'azione di mons. Ceriani per la promozione del Didascaleion :$bcome curare la formazione degli insegnanti di religione /$ctesi di Magistero in Scienze Religiose di Chiara Biagioni ; relatore : Ch.mo Prof. don Ennio Apeciti. 260 $a[S.l. :$bs.n.],$c2001. 300 $a365 c. ;$c30 cm. 500 $aDedica omaggio autografa dell'autore. - In testa al front. : Istituto Superiore di Scienze Religiose di Milano. - A pič del front. : Anno accademico 2000/2001. 600 14$aCeriani, Grazioso .$0(OLS)http://semarc/subject/12742 650 4$aDidascaleion.$0(OLS)http://semarc/subject/18381 700 1 $aApeciti, Ennio,$c.$0(OLS)http://semarc/name/10867 850 $aSeMil 852 $aSeMil$W1$xVenegono$y1$m4X I 71$j61883$B61883$CSeMilBibl$Z2$F71290 $8I 961 $aOmaggio: Rimoldi mons. Antonio 996 $6245$aL'azione di mons. Ceriani per la promozione del Didascaleion :$bcome curare la formazione degli insegnanti di religione$9(OLS)http://semarc/title/153097 996 $6260$a[S.l. :$bs.n.]$9(OLS)http://semarc/publisher/29751